El Códice Toledano 33,2 y el Emilianense 47 / (Record no. 104317)

MARC details
000 -LEADER
campo de control de longitud fija 00602nam a2200193 i 4500
001 - NÚMERO DE CONTROL
campo de control 104317
003 - IDENTIFICADOR DE NÚMERO DE CONTROL
campo de control ES-MaACL
005 - FECHA Y HORA DE LA ÚLTIMA TRANSACCIÓN
campo de control 20230906183552.0
007 - CAMPO FIJO DE DESCRIPCIÓN FÍSICA--INFORMACIÓN GENERAL
campo de control de longitud fija t|
008 - DATOS DE LONGITUD FIJA--INFORMACIÓN GENERAL
campo de control de longitud fija 051128s1925 sp ||||1| spa d
100 1# - ENTRADA PRINCIPAL--NOMBRE DE PERSONA
Nombre de persona Millares Carlo, Agustín,
Fechas asociadas al nombre 1893-1980
9 (RLIN) 81176
245 13 - MENCIÓN DEL TÍTULO
Título El Códice Toledano 33,2 y el Emilianense 47 /
Mención de responsabilidad, etc. Agustín Millares Carlo.
260 ## - PUBLICACIÓN, DISTRIBUCIÓN, ETC.
Lugar de publicación, distribución, etc. Madrid :
Nombre del editor, distribuidor, etc. Hernando,
Fecha de publicación, distribución, etc. 1925.
300 ## - DESCRIPCIÓN FÍSICA
Extensión 4 h. ;
Dimensiones 26 cm.
490 1# - MENCIÓN DE SERIE
Mención de serie Homenaje a Menéndez Pidal ;
Designación de volumen o secuencia III
830 0# - PUNTO DE ACCESO ADICIONAL DE SERIE-TÍTULO UNIFORME
Título uniforme Homenaje a Menéndez Pidal ;
Designación de volumen o secuencia III
9 (RLIN) 184845
852 ## - LOCALIZACIÓN
Ubicación ES-MaACL
Número de control de estantería 1698-F-6
Holdings
Estatus retirado Estado de pérdida Estado de daño No para préstamo Colección Biblioteca de origen Biblioteca actual Ubicación en estantería Fecha de adquisición Fuente de adquisición Total de préstamos Signatura topográfica completa Código de barras Visto por última vez Precio de reemplazo Tipo de ítem Koha
        Colección de folletos Biblioteca del Ateneo de Madrid Biblioteca del Ateneo de Madrid Depósito folletos 17/01/2008     1698-F-6 1108916 23/02/2023 23/02/2023 Folleto